| 000 | 00380nam a2200145Ia 4500 | ||
|---|---|---|---|
| 008 | 230917s9999||||xx |||||||||||||| ||und|| | ||
| 040 |
_e111319 _aMAIN |
||
| 041 | _aEnglish | ||
| 082 | _a810.9 R14R | ||
| 100 | _aRamabai's Pandita | ||
| 245 | 0 | _aReturning the American gaze: pandita Ramabai's | |
| 260 |
_aDelhi _bParmanent Black _c2003 |
||
| 300 | _axii p. : 284 | ||
| 942 | _cBK | ||
| 999 |
_c123937 _d123937 |
||